Catálogo
 En Linea

Sobre la marcha / (Registro nro. 32268)

Detalles MARC
000 -CABECERA
campo de control de longitud fija 00515nam a2200181 a 4500
001 - NÚMERO DE CONTROL
campo de control 000032777
005 - FECHA Y HORA DE LA ÚLTIMA TRANSACCIÓN
campo de control 20200930065828.0
008 - DATOS DE LONGITUD FIJA--INFORMACIÓN GENERAL
campo de control de longitud fija 110726s1968 dr a 000 p spa d
040 ## - FUENTE DE LA CATALOGACIÓN
Centro catalogador/agencia de origen DO-SdBNP
Lengua de catalogación spa
Centro/agencia transcriptor BNPHU
082 ## - NÚMERO DE LA CLASIFICACIÓN DECIMAL DEWEY
Número de clasificación xxx
Número de documento/Ítem J27s
049 ## - FONDOS LOCALES (OCLC)
Fondos de biblioteca BNPD
100 1# - ENTRADA PRINCIPAL--NOMBRE DE PERSONA
Nombre de persona James Rawlings, Norberto,
Fechas asociadas al nombre 1945-
9 (RLIN) 7206
245 10 - MENCIÓN DE TÍTULO
Título Sobre la marcha /
Mención de responsabilidad, etc. Norberto James Rawlings.
260 ## - PUBLICACIÓN, DISTRIBUCIÓN, ETC.
Lugar de publicación, distribución, etc. Santo Domingo :
Nombre del editor, distribuidor, etc. Imprenta Dido,
Fecha de publicación, distribución, etc. 1968.
300 ## - DESCRIPCIÓN FÍSICA
Extensión 68 p. :
Otras características físicas il. ;
Dimensiones 17 cm.
490 1# - MENCIÓN DE SERIE
Mención de serie La isla
Designación de volumen o secuencia 2
830 #3 - PUNTO DE ACCESO ADICIONAL DE SERIE-TÍTULO UNIFORME
Título uniforme La isla ;
Número de parte o sección de la obra 2
9 (RLIN) 58610
Existencias
Estado de retiro Estado de pérdida Restricciones de uso No para préstamo Código de colección Localización permanente Ubicación/localización actual Ubicación en estantería Fecha de adquisición Número de inventario Total de préstamos Signatura topográfica completa Código de barras Fecha visto por última vez Precio válido a partir de Tipo de ítem Koha Nota pública Número de copia
      Excluido de préstamo Raros y valiosos Patrimonio Dominicano Patrimonio Dominicano En catalogación 26.07.2011 LF1   xxx J27s 32777-10 25.06.2020 25.06.2020 No se presta Perteneció a la biblioteca personal de Aída Cartagena Portalatín.  
      Excluido de préstamo Raros y valiosos Patrimonio Dominicano Patrimonio Dominicano En catalogación 26.07.2011 LF1   xxx J27s 32777-20 25.06.2020 25.06.2020 No se presta Perteneció a la biblioteca personal de Aída Cartagena Portalatín. e.2

Con tecnología Koha